000 00462nam a22001697a 4500
005 20230816120818.0
008 230816b |||||||| |||| 00| 0 eng d
020 _a978-81-239-2590-5
041 _aeng
082 _a613.04
100 _aSINGH, MEHARBAN
_97922
245 _aA TO Z CHILD CARE: a ready reekoner everything you wanted to know about child health and diseases
260 _aNEW DELHI
_bCBS
300 _a344;p
650 _aBPT
_97923
942 _cBK
999 _c8360
_d8358